<?xml version="1.0" encoding="UTF-8"?><?xml-stylesheet type="text/xsl" href="static/style.xsl"?><OAI-PMH xmlns="http://www.openarchives.org/OAI/2.0/" xmlns:xsi="http://www.w3.org/2001/XMLSchema-instance" xsi:schemaLocation="http://www.openarchives.org/OAI/2.0/ http://www.openarchives.org/OAI/2.0/OAI-PMH.xsd"><responseDate>2026-06-05T17:26:55Z</responseDate><request verb="GetRecord" identifier="oai:riuma.uma.es:10630/10091" metadataPrefix="marc">https://riuma.uma.es/rest/oai/request</request><GetRecord><record><header><identifier>oai:riuma.uma.es:10630/10091</identifier><datestamp>2026-02-03T12:09:36Z</datestamp><setSpec>com_10630_2254</setSpec><setSpec>col_10630_37959</setSpec></header><metadata><record xmlns="http://www.loc.gov/MARC21/slim" xmlns:dcterms="http://purl.org/dc/terms/" xmlns:doc="http://www.lyncode.com/xoai" xmlns:xsi="http://www.w3.org/2001/XMLSchema-instance" xsi:schemaLocation="http://www.loc.gov/MARC21/slim http://www.loc.gov/standards/marcxml/schema/MARC21slim.xsd">
   <leader>00925njm 22002777a 4500</leader>
   <datafield ind2=" " ind1=" " tag="042">
      <subfield code="a">dc</subfield>
   </datafield>
   <datafield ind2=" " ind1=" " tag="720">
      <subfield code="a">Domínguez-de-la-Rosa, Laura</subfield>
      <subfield code="e">author</subfield>
   </datafield>
   <datafield ind2=" " ind1=" " tag="720">
      <subfield code="a">Montalbán-Peregrín, Francisco Manuel</subfield>
      <subfield code="e">author</subfield>
   </datafield>
   <datafield ind2=" " ind1=" " tag="260">
      <subfield code="c">2015-07-15</subfield>
   </datafield>
   <datafield ind2=" " ind1=" " tag="520">
      <subfield code="a">La comunicación que presentamos es titulada “La Construcción Social del Matrimonio Igualitario en Europa y América Latina” y forma parte de una investigación que estamos desarrollando sobre nuevos escenarios familiares y parentalidades en el Departamento de Psicología Social, Trabajo Social, Antropología Social y Estudios de Asia Oriental en la UMA.&#xd;
En esta investigación, a modo general, nuestro interés está en conocer las implicaciones psicosociales de la construcción que socialmente se realiza de la nueva realidad que configuran los matrimonios y las parentalidades del mismo sexo en países europeos y en latinoamericanos. Concretamente nos centraremos en España, Francia y Argentina.</subfield>
   </datafield>
   <datafield ind1="8" ind2=" " tag="024">
      <subfield code="a">http://hdl.handle.net/10630/10091</subfield>
   </datafield>
   <datafield tag="653" ind2=" " ind1=" ">
      <subfield code="a">Padres homosexuales</subfield>
   </datafield>
   <datafield ind2="0" ind1="0" tag="245">
      <subfield code="a">La construcción social del matrimonio igualitario en Europa y América Latina</subfield>
   </datafield>
</record>
</metadata></record></GetRecord></OAI-PMH>